Нейтронно-физические исследования систем сухого хранения перспективных топливных композиций; Краткие сообщения по физике ФИАН; № 8
| Parent link: | Краткие сообщения по физике ФИАН/ Российская академия наук (РАН), Физический институт им. П. Н. Лебедева (ФИАН).— , 1969- № 8.— 2015.— [С. 27-32] |
|---|---|
| Autor Corporativo: | |
| Outros Autores: | , , , |
| Resumo: | Заглавие с экрана В работе проведены исследования, направленные на определение нейтронно-физических и радиационных характеристик перспективных ядерных топливных композиций, рассматриваются особенности обращения с модифицированным облученным ядерным топливом теплового реактора в системах сухого хранения. Показана необходимость корректировки ядерных констант, используемыхв расчетах на критичность размножающих решеток исистем хранения с торием. |
| Idioma: | russo |
| Publicado em: |
2015
|
| Assuntos: | |
| Acesso em linha: | http://ksf.lebedev.ru/contents.php?post=1&year=2015&number=08&z=0 |
| Formato: | Recurso Eletrônico Capítulo de Livro |
| KOHA link: | https://koha.lib.tpu.ru/cgi-bin/koha/opac-detail.pl?biblionumber=644379 |
MARC
| LEADER | 00000nla0a2200000 4500 | ||
|---|---|---|---|
| 001 | 644379 | ||
| 005 | 20251031110815.0 | ||
| 035 | |a (RuTPU)RU\TPU\network\9444 | ||
| 090 | |a 644379 | ||
| 100 | |a 20151113d2015 k||y0rusy50 ca | ||
| 101 | 0 | |a rus | |
| 102 | |a RU | ||
| 135 | |a drcn ---uucaa | ||
| 181 | 0 | |a i | |
| 182 | 0 | |a b | |
| 200 | 1 | |a Нейтронно-физические исследования систем сухого хранения перспективных топливных композиций |f М. Н. Плевака [и др.] | |
| 203 | |a Текст |c электронный | ||
| 300 | |a Заглавие с экрана | ||
| 320 | |a [Библиогр.: с. 32 (8 назв.)] | ||
| 330 | |a В работе проведены исследования, направленные на определение нейтронно-физических и радиационных характеристик перспективных ядерных топливных композиций, рассматриваются особенности обращения с модифицированным облученным ядерным топливом теплового реактора в системах сухого хранения. Показана необходимость корректировки ядерных констант, используемыхв расчетах на критичность размножающих решеток исистем хранения с торием. | ||
| 461 | |t Краткие сообщения по физике ФИАН |f Российская академия наук (РАН), Физический институт им. П. Н. Лебедева (ФИАН) |d 1969- | ||
| 463 | |t № 8 |v [С. 27-32] |d 2015 | ||
| 610 | 1 | |a электронный ресурс | |
| 610 | 1 | |a труды учёных ТПУ | |
| 610 | 1 | |a керамическое ядерное топливо | |
| 610 | 1 | |a пороговые реакции | |
| 610 | 1 | |a сухое хранение | |
| 610 | 1 | |a торий | |
| 701 | 1 | |a Плевака |b М. Н. |g Мария Николаевна | |
| 701 | 1 | |a Беденко |b С. В. |c физик |c доцент Томского политехнического университета, кандидант физико-математических наук |f 1980- |g Сергей Владимирович |3 (RuTPU)RU\TPU\pers\25456 |9 11395 | |
| 701 | 1 | |a Губайдулин |b И. М. |g Ильдар Мухарамович | |
| 701 | 1 | |a Кнышев |b В. В. |c физик |c инженер-исследователь Томского политехнического университета |f 1993- |g Владимир Владимирович |3 (RuTPU)RU\TPU\pers\37039 |9 20054 | |
| 712 | 0 | 2 | |a Национальный исследовательский Томский политехнический университет (ТПУ) |b Физико-технический институт (ФТИ) |b Кафедра физико-энергетических установок (№ 21) (ФЭУ) |3 (RuTPU)RU\TPU\col\18730 |
| 801 | 2 | |a RU |b 63413507 |c 20171019 |g RCR | |
| 856 | 4 | |u http://ksf.lebedev.ru/contents.php?post=1&year=2015&number=08&z=0 | |
| 942 | |c CF | ||